000 00459nam a2200145Ia 4500
008 151021s9999 xx 000 0 und d
020 _a130101745
050 _aLC 4165.B38 1999
245 _a_Learners with emotional and behavioral disorders An introduction Anne M. Bauer
260 _aNew Jersey Merrill 1999
300 _aiii,54p.
650 _a_Emotional and behavioral disorder
700 _a_Shea M. Thomas
980 _a^d20120827 04:20:36^oanne
999 _c12527
_d12527